Industrial Sociology (Record no. 3074)

000 -LEADER
fixed length control field 00404nam a22001337a 4500
020 ## - INTERNATIONAL STANDARD BOOK NUMBER
International Standard Book Number 9780071078122
082 ## - DEWEY DECIMAL CLASSIFICATION NUMBER
Classification number 300.2
100 ## - MAIN ENTRY--PERSONAL NAME
Personal name Narendar Singh
245 ## - TITLE STATEMENT
Title Industrial Sociology
260 ## - PUBLICATION, DISTRIBUTION, ETC.
Place of publication, distribution, etc. New Delhi
Name of publisher, distributor, etc. Tata McGraw Hill
Date of publication, distribution, etc. 2012
300 ## - PHYSICAL DESCRIPTION
Extent 404p
942 ## - ADDED ENTRY ELEMENTS (KOHA)
Koha item type Book
Holdings
Withdrawn status Lost status Damaged status Not for loan Collection code Permanent Location Current Location Shelving location Date acquired Total Checkouts Full call number Barcode Date last seen Price effective from Koha item type
          Central Library (CL) Central Library (CL) General Stacks 05/11/2016   300.2 SIN S3H-S-399 05/11/2016 05/11/2016 Book
© 2023 Central Library, National University of Sciences and Technology. All Rights Reserved.